| 000 | 00473nam a2200157 a 4500 | ||
|---|---|---|---|
| 001 | 000035574 | ||
| 005 | 20200930074438.0 | ||
| 008 | 111103s1995 xxua 000 0 spa d | ||
| 020 | _a0891345833 | ||
| 040 |
_aDO-SdBNP _bspa _cBNPHU |
||
| 100 | 1 |
_aOldach, Mark _961475 |
|
| 245 | 1 | 0 |
_aCreativity for graphic designers / _cMark Oldach. |
| 260 |
_aCincinnati : _bNorth Light Books, _c1995. |
||
| 300 |
_a138 p. : _bils. ; _c30 p. |
||
| 500 | _aIncluye datos biográficos del autor | ||
| 999 |
_c35065 _d35065 |
||